Παναθηναϊκοί αμφορείς από την Ερέτρια : συμβολή στην αττική αγγειογραφία του 4ου π.Χ. ΑΙ.

Αποθηκεύτηκε σε:
Λεπτομέρειες βιβλιογραφικής εγγραφής
Κύριος συγγραφέας: Βαλαβάνης, Πάνος Δ., 1954-
Μορφή: Βιβλίο
Γλώσσα:Greek
Δημοσίευση: Αθήνα : Αρχαιολογική Εταιρεία, 1991
Σειρά:Βιβλιοθήκη της εν Αθήναις Αρχαιολογικής Εταιρείας ; ; 122
Θέματα:
Ετικέτες: Προσθήκη ετικέτας
Δεν υπάρχουν, Καταχωρήστε ετικέτα πρώτοι!

MARC

LEADER 00000cam a2200000 i 4500
001 1/56184
008 070926s1991 gre d
020 |a 960-7036-10-7 
035 |l 10091070 
040 |a GR-MY-UA  |b gre  |e aacr 
041 0 |a gre 
082 0 |a 738.3820938  |2 (22) 
100 1 |a Βαλαβάνης, Πάνος Δ.,   |d 1954- 
245 1 0 |a Παναθηναϊκοί αμφορείς από την Ερέτρια :  |b συμβολή στην αττική αγγειογραφία του 4ου π.Χ. ΑΙ. /  |c Πάνος Δ. Βαλαβάνης 
260 |a Αθήνα :   |b Αρχαιολογική Εταιρεία,   |c 1991 
300 |a xxiii, 354 σ.;  |b σχ., εικ.;  |c 24 εκ. 
490 1 |a Βιβλιοθήκη της εν Αθήναις αρχαιολογικής εταιρείας  |v ; 122 
504 |a Βιβλιογραφία: σ. xxii-xxiii. Ευρετήριο 
650 0 |a Amphoras  |z Greece  |z Eretria (Extinct city) 
650 0 |a Pottery, Greek  |z Greece  |z Eretria (Extinct city) 
651 0 |a Eretria (Extinct city) 
830 0 |a Βιβλιοθήκη της εν Αθήναις Αρχαιολογικής Εταιρείας ;  |v ; 122 
852 |a INST  |b RHODES  |e 20070926  |h 738.3820938 ΒΑΛ  |p 005400025681  |q 005400025681  |t BK  |y 0 
901 |a BIBL4-2007-3 
909 |a Ρ  |b 138477 
922 |a 4ΕΛΗ  |b 200708  |c ΕΠΕΑΕΚ2/ΤΜΣ  |d Σ. ΠΑΤΑΚΗΣ 
970 |a ΧΑΡΙΟΠΟΛΙΤΟΥ  |b ΚΩΝΣΤΑΝΤΙΝΑ  |z 2007/09/26